Vrai ou Faux : Faits historiques surprenant ! - Statistiques

Statistiques générales
  • Ce quiz a été pris 86 fois
  • Le résultat moyen est 8 sur 15
Statistiques - réponses
Question Réponse % Correct
La guerre de Cent ans a durée 116 ans. Vrai
91%
La pomme de terre était interdit dans certains pays d'Europe. Vrai
74%
Les Incas avaient une écriture. Vrai
74%
New York était autrefois appelé New Dublin. Faux
67%
Le Moyen-âge fût une période de recul au niveau social, culturel et technologique. Faux
60%
L'Église a brulé Galilée pour ses avancés sur l'Héliocentrisme. Faux
54%
La Chine a découvert l'imprimerie. Vrai
54%
Les légionnaires romains utilisaient des champignons hallucinogènes avant les combats. Vrai
51%
Une guerre a eu lieu entre les australiens et les émeus. Les australiens ont perdus. Vrai
51%
Robin des bois a réellement existé. Faux
40%
Les pyramides ont étés construites par des esclaves. Faux
40%
Noël est une fête chrétienne. Faux
37%
Les romains utilisaient le sel comme monnaie courante. Faux
29%
Les Vikings ont découvert l'Amérique. Faux
27%
La guerre la plus courte aurait durée 47 minutes. Faux
17%
Aucun quiz correspondant
Distribution des résultats
% des personnes avec chaque résultat
Percentile par nombre de réponses
Votre historique - résultats
Vous n’avez pas pris ce quiz